00762 2200277 4500001002100000005001500021035002000036007000300056008004100059082001400100084001600114100003000130245005800160300003200218650002000250264003600270336002100306337003000327338002300357040002200380090001800402850001200420990002000432990001200452990002000464INLIS00000000087800120230414092310 a0010-0423000301ta230414b1979 saia g ind d04223a809.8 a809.8 ALI p0 aAli Usman, KHMePengarang10aPelanggaran kesucian masjidil haram /cKHM. Ali Usman a46 halaman :bfoto ;c21 cm04aKisah kehidupan31aJakarta :bBulan Bintang,c1979 2rdacontentateks 2rdamediaatanpa perantara 2rdacarrieravolume aYOPDYOGbinderda aL 809.8 ALI p aYOPDYOG a70553-PD/A.2023 a13170-P a70553-PD/A.2023